E-Management Consulting

Význam podnikateľského, resp. manažérskeho poradenstva v súčasnosti. E-Management Consulting - elektronické manažérske poradenstvo - vymedzenie pojmu. Výhody, nevýhody, riziká e-Management Consulting. Dehumanizácia ľudského života a aktívneho konania človeka v ňom. E-Management Consulting ako doplňu...

Ausführliche Beschreibung

Gespeichert in:
Bibliographische Detailangaben
1. Verfasser: Lipták, František
Format: Buchkapitel
Sprache:Slowakisch
Schlagworte:
Tags: Tag hinzufügen
Keine Tags, Fügen Sie das erste Tag hinzu!

MARC

LEADER 00000naa$a2200000$$$4500
001 0023946
005 20230825102821.5
041 0 |a slo 
044 |a SK 
245 1 0 |a E-Management Consulting  |c František Lipták 
520 |a Význam podnikateľského, resp. manažérskeho poradenstva v súčasnosti. E-Management Consulting - elektronické manažérske poradenstvo - vymedzenie pojmu. Výhody, nevýhody, riziká e-Management Consulting. Dehumanizácia ľudského života a aktívneho konania človeka v ňom. E-Management Consulting ako doplňujúca technológia komunikácie nadväzujúca na bezprostrednú komunikáciu zoči-voči. 
610 2 0 |a manažment 
610 2 0 |a poradenstvo 
610 2 0 |a definície 
610 2 0 |a internet 
610 2 0 |a pošta elektronická 
100 1 |a Lipták, František